00460cam a2200181ua 45000010005000000080039000050200018000440400009000620410008000710820013000791000020000922450046001122500009001582600039001673000017002066530027002236530028002504150150220n ii |||gr||||Z||||||asm a81-87866-08-X cMAIN aasm a891.4513 aSaikia, Pradip, aBishwa yuddhar agnipathcby Pradip Saikia a1st. aGuwahati:bPuberun Prakash,c2000. a144p:c23cm. aAssamese short stories aBishwa yuddhar agnipath